[Event "6th EICC"]
[Site "Warsaw POL"]
[Date "2005.06.21"]
[Round "4"]
[White "Fressinet,L"]
[Black "Postny,E"]
[Result "1-0"]
[WhiteElo "2638"]
[BlackElo "2556"]
[EventDate "2005.06.18"]

1. e4 e5 2. Nf3 Nc6 3. Bb5 a6 4. Ba4 Nf6 5. O-O Be7 6. Re1 b5 7. Bb3 d6 8.
c3 O-O 9. h3 Na5 10. Bc2 c5 11. d4 Qc7 12. Nbd2 cxd4 13. cxd4 Bb7 14. d5
Rac8 15. Bd3 Nd7 16. Nf1 f5 17. exf5 Bxd5 18. Ng5 Bxg5 19. Bxg5 Bc6 20. Ne3
d5 21. Rc1 Qb7 22. Ng4 e4 23. Bd2 Nc4 24. Bxc4 dxc4 25. Bc3 Nf6 26. Nxf6+
gxf6 27. Re3 b4 28. Bd4 Bd5 29. Qh5 Kh8 30. Rg3 Qe7 31. Qh6 Rf7 32. Re1 Qf8
33. Qh4 a5 34. a3 c3 35. bxc3 bxa3 36. Rg6 Rc6 37. c4 Bxc4 38. Qxe4 Qe7 39.
Rxf6 Qxe4 40. Rxf7+ 1-0

[Event "6th EICC"]
[Site "Warsaw POL"]
[Date "2005.06.21"]
[Round "4"]
[White "Nataf,IA"]
[Black "Jobava,Ba"]
[Result "1/2-1/2"]
[WhiteElo "2559"]
[BlackElo "2637"]
[EventDate "2005.06.18"]

1. e4 c5 2. Nf3 d6 3. d4 cxd4 4. Nxd4 Nf6 5. Nc3 Nc6 6. Bg5 e6 7. Qd2 Be7
8. O-O-O O-O 9. f4 Nxd4 10. Qxd4 Qa5 11. Kb1 Rd8 12. Bd3 Bd7 13. h4 Bc6 14.
e5 dxe5 15. Qxe5 Qb6 16. f5 Bd6 17. Qe2 exf5 18. Bxf5 Ba3 19. Bc1 Bb4 20.
Rh3 g6 21. Bg5 Rxd1+ 22. Nxd1 Nd5 23. Bg4 Re8 24. Qd3 Re1 25. Bd2 Rg1 26.
Bf3 Bxd2 27. Qxd2 Ne3 28. Be2 Nxd1 29. Bxd1 Rxg2 30. Qd6 Rg1 31. Qb8+ Kg7
32. Qe5+ Kf8 33. Qh8+ Ke7 34. Qe5+ 1/2-1/2

[Event "6th EICC"]
[Site "Warsaw POL"]
[Date "2005.06.21"]
[Round "4"]
[White "Aleksandrov,A"]
[Black "Grigoriants,S RUS"]
[Result "1/2-1/2"]
[WhiteElo "2635"]
[BlackElo "2553"]
[EventDate "2005.06.18"]

1. d4 Nf6 2. c4 e6 3. Nc3 Bb4 4. e3 O-O 5. Bd3 c5 6. Nf3 d5 7. O-O cxd4 8.
exd4 dxc4 9. Bxc4 b6 10. Qb3 Bxc3 11. bxc3 Nc6 12. Be2 Bb7 13. Bg5 Qd6 14.
Bxf6 gxf6 15. Rfd1 Na5 16. Qc2 Rfc8 17. Rac1 Bd5 18. Nd2 Rc7 19. Qd3 Qf4
20. Bf3 Bxf3 21. Nxf3 Nc4 22. Re1 Rd8 23. Rb1 Nd6 24. Nd2 Rdc8 25. Rb3 Qf5
26. Qxf5 Nxf5 27. Ne4 Kg7 28. Kf1 Rd8 1/2-1/2

[Event "6th EICC"]
[Site "Warsaw POL"]
[Date "2005.06.21"]
[Round "4"]
[White "Kuzubov,Y"]
[Black "Graf,A"]
[Result "1-0"]
[WhiteElo "2558"]
[BlackElo "2632"]
[EventDate "2005.06.18"]

1. d4 Nf6 2. c4 g6 3. Nc3 Bg7 4. e4 d6 5. f3 a6 6. Be3 Nc6 7. Nge2 Rb8 8.
Rb1 O-O 9. b4 e5 10. d5 Ne7 11. Ng3 Ne8 12. Bd3 f5 13. Bf2 Nf6 14. Qc2 Kh8
15. exf5 gxf5 16. O-O Qe8 17. c5 Qg6 18. Bc4 Rg8 19. b5 axb5 20. Nxb5 Nexd5
21. Rfd1 c6 22. Nxd6 e4 23. fxe4 fxe4 24. Bd4 Rf8 25. Rf1 Be6 26. Ngf5 e3
27. Bd3 Bxf5 28. Nxf5 Qg4 29. h3 Qg5 30. Nxg7 Kxg7 31. Rf5 Qh4 32. Be5 Rbe8
33. Qc4 Qxc4 34. Bxc4 Rf7 35. Rbf1 Rfe7 36. Bxf6+ Nxf6 37. Rxf6 e2 38. Bxe2
Rxe2 39. Rf7+ Kg6 40. Rxb7 Rxa2 41. Rff7 Re1+ 42. Kh2 Rc1 43. Rg7+ Kf6 44.
Rxh7 Rxc5 45. Rh6+ Kg5 46. Rd6 Rcc2 47. Rg7+ Kf5 48. h4 c5 49. Rg5+ Kf4 50.
Rf6+ Ke4 51. h5 Rc1 52. h6 Raa1 53. Kg3 c4 54. Rf4+ Kd3 55. Rh4 Rh1 56.
Rd5+ Ke2 57. Rdh5 Ra3+ 58. Kg4 Rg1 59. Rh2 Ra8 60. h7 Rh8 61. g3+ Kd3 62.
Rd5+ Ke4 63. Rc5 Rd1 64. Rxc4+ Ke5 65. Kg5 Rd6 66. Re2+ Kd5 67. Rd2+ Kxc4
68. Rxd6 Rxh7 69. g4 Kc5 70. Rd1 Rg7+ 71. Kf5 Rf7+ 72. Kg6 Rf2 73. g5 Kc6
74. Kg7 Kc7 75. g6 Rg2 76. Kf7 Rf2+ 77. Kg8 Rg2 78. g7 Rg3 79. Rf1 Kd7 80.
Kf7 1-0

[Event "6th EICC"]
[Site "Warsaw POL"]
[Date "2005.06.21"]
[Round "4"]
[White "Tiviakov,S"]
[Black "Nyback,T"]
[Result "1-0"]
[WhiteElo "2631"]
[BlackElo "2551"]
[EventDate "2005.06.18"]

1. e4 d6 2. d4 Nf6 3. Nc3 g6 4. Bg5 Bg7 5. Qd2 h6 6. Bh4 g5 7. Bg3 Nh5 8.
O-O-O e6 9. Nge2 Nd7 10. f3 Nxg3 11. hxg3 Nb6 12. g4 Bd7 13. Ng3 Rg8 14.
Qe3 Qe7 15. Nb5 Bxb5 16. Bxb5+ c6 17. Be2 O-O-O 18. Kb1 Kb8 19. c3 Rc8 20.
Nh5 Bh8 21. Ng3 Bg7 22. Nh5 Bh8 23. Ng3 Qf8 24. Rd2 c5 25. Rhd1 cxd4 26.
cxd4 Qe7 27. Qb3 d5 28. Nf1 e5 29. dxe5 dxe4 30. Ng3 exf3 31. Bxf3 Bxe5 32.
Rd7 1-0

[Event "6th EICC"]
[Site "Warsaw POL"]
[Date "2005.06.21"]
[Round "4"]
[White "Sargissian,G"]
[Black "Potkin,V"]
[Result "1/2-1/2"]
[WhiteElo "2630"]
[BlackElo "2552"]
[EventDate "2005.06.18"]

1. c4 c6 2. d4 d5 3. Nf3 Nf6 4. e3 e6 5. Bd3 dxc4 6. Bxc4 Nbd7 7. O-O Bd6
8. Nc3 O-O 9. Qc2 b5 10. Bd3 Bb7 11. e4 e5 12. dxe5 Nxe5 13. Nxe5 Bxe5 14.
h3 Re8 15. Be3 a6 16. Ne2 c5 17. Rad1 c4 18. Bxc4 Qc7 19. Bd3 Qxc2 20. Bxc2
Bxe4 1/2-1/2

[Event "6th EICC"]
[Site "Warsaw POL"]
[Date "2005.06.21"]
[Round "4"]
[White "Kharlov,A"]
[Black "Kritz,L"]
[Result "0-1"]
[WhiteElo "2628"]
[BlackElo "2549"]
[EventDate "2005.06.18"]

1. e4 e5 2. Nf3 Nf6 3. d4 Nxe4 4. Bd3 Nc6 5. Bxe4 d5 6. Bg5 Qd7 7. Bd3 e4
8. Be2 exf3 9. Bxf3 Qf5 10. Bh4 Qe6+ 11. Kf1 Bd6 12. Qd2 Qf5 13. Bg3 Qf6
14. Bxd5 Nxd4 15. Bxd6 cxd6 16. Nc3 O-O 17. Rd1 Ne6 18. g3 Nc7 19. Kg2 Nxd5
20. Qxd5 Be6 21. Qd3 Rac8 22. h3 Rc6 23. Qd4 Qf5 24. Rd2 Rfc8 25. a3 a6 26.
g4 Qg6 27. Qd3 Qg5 28. Ne4 Qf4 29. f3 h5 30. Rh2 h4 31. Kg1 Bc4 32. Qd4 d5
33. Nc3 Qg3+ 34. Rhg2 Qxf3 35. Nxd5 Qf1+ 36. Kh2 Bxd5 37. Qxd5 Qf4+ 38. Kh1
Re8 39. Rg1 Re3 40. Rd3 Rxd3 41. Qxd3 Rd6 42. Qf5 Qc4 43. Qf2 Qe4+ 44. Qg2
Qe3 45. Rf1 Rd2 46. Qf3 Qxf3+ 47. Rxf3 Rxc2 48. b4 Ra2 49. Kg1 f6 50. Rc3
Kh7 51. Rf3 Kg6 52. Kf1 b5 53. Kg1 Kg5 54. Rf5+ Kg6 55. Rf3 Kf7 56. Re3 g6
57. Rc3 Kg7 58. Rf3 Kh6 59. Rxf6 Rxa3 60. Kg2 Rg3+ 61. Kh2 Rb3 62. Rxa6
Rxb4 63. Kg2 Kg5 64. Rb6 Rb2+ 65. Kf3 Rb3+ 66. Kg2 b4 67. Rd6 Rg3+ 68. Kh2
Re3 69. Kg2 b3 70. Rb6 Rg3+ 71. Kh2 Rc3 72. Kg2 Kf4 73. Rf6+ Ke3 74. Re6+
Kd2 0-1

[Event "6th EICC"]
[Site "Warsaw POL"]
[Date "2005.06.21"]
[Round "4"]
[White "Carlsen,M"]
[Black "Movsesian,S"]
[Result "1/2-1/2"]
[WhiteElo "2548"]
[BlackElo "2628"]
[EventDate "2005.06.18"]

1. d4 Nf6 2. c4 g6 3. Nc3 Bg7 4. e4 d6 5. Nf3 O-O 6. Be2 e5 7. O-O c6 8.
Re1 Na6 9. Bf1 Bg4 10. d5 Ne8 11. Be2 Bd7 12. Bg5 f6 13. dxc6 Bxc6 14. Be3
f5 15. b4 f4 16. Bc1 Nxb4 17. Qb3 a5 18. c5+ Kh8 19. cxd6 Nxd6 20. Bb2 Qe7
21. Bf1 Qf7 22. Rad1 Qxb3 23. axb3 Rad8 24. Ba3 h6 25. Rd2 Nf7 26. Red1
Rxd2 27. Rxd2 Rd8 28. Rxd8+ Nxd8 29. Bc4 Bf6 30. Bxb4 axb4 31. Nd5 Kg7 32.
Nd2 b5 33. Be2 Ne6 34. Nxb4 Be8 35. Nd5 Nd4 36. Bd1 Bd8 37. Nf3 Nxf3+ 38.
Bxf3 Kf8 39. Be2 Bc6 40. b4 Be7 41. Nxe7 Kxe7 42. f3 g5 43. g4 fxg3 44.
hxg3 h5 45. Kh2 Kd6 46. Kh3 Bd7+ 47. g4 Kc6 48. Kg3 h4+ 49. Kf2 Be6 50. Bf1
Bc4 51. Bh3 Kd6 52. Ke3 Ke6 1/2-1/2

[Event "6th EICC"]
[Site "Warsaw POL"]
[Date "2005.06.21"]
[Round "4"]
[White "Gagunashvili,M"]
[Black "Timofeev,Arty"]
[Result "1/2-1/2"]
[WhiteElo "2547"]
[BlackElo "2622"]
[EventDate "2005.06.18"]

1. d4 d5 2. Nf3 e6 3. c4 c6 4. Qc2 Nf6 5. Bg5 h6 6. Bh4 dxc4 7. Qxc4 b5 8.
Qc2 Bb7 9. e3 Nbd7 10. Bd3 Rc8 11. Qe2 a6 12. a4 Qa5+ 13. Nbd2 c5 14. Bxf6
gxf6 15. O-O c4 16. Be4 Qb6 17. Bxb7 Qxb7 18. e4 Bb4 19. Rfc1 Ke7 20. Qe3
Nb6 21. axb5 axb5 22. d5 Bc5 23. Qe2 exd5 24. exd5+ Kf8 25. Ne4 Qxd5 26.
Nxc5 Qxc5 27. Qe4 Qc6 28. Qh4 Nd7 29. Rd1 Ne5 30. Nd4 Qb6 31. Nf5 Qe6 32.
Nd4 Qb6 33. Nf5 Qe6 34. Qf4 Ng6 35. Qd6+ Kg8 36. Qd7 Qxd7 37. Rxd7 h5 38.
h4 b4 39. Raa7 Ne5 40. Rdc7 Kh7 41. Nd6 Rxc7 42. Rxc7 Rd8 43. Nxc4 Rd1+ 44.
Kh2 Rc1 45. b3 Rc3 46. f3 Kg6 47. Rc5 Nd3 48. Rc6 Rxb3 49. Nd2 Rb2 50. Ne4
Ne1 51. Rxf6+ Kg7 52. Rb6 Nxf3+ 53. Kg3 Ne1 54. Kf4 Nd3+ 55. Ke3 Ne5 56.
Kd4 Nd7 57. Rb7 Nf6 58. Ng5 Rxg2 59. Nxf7 Kg6 60. Ne5+ Kf5 61. Rxb4 Rd2+
62. Nd3 Re2 63. Rb5+ Kg4 64. Re5 Ra2 65. Re6 Ra4+ 66. Ke3 Nd5+ 67. Kf2 Kxh4
68. Nc5 Rf4+ 69. Kg2 Rg4+ 70. Kh2 Nc3 71. Re3 Rc4 72. Nd3 Ne4 73. Ne1 Kg4
74. Ng2 Ra4 75. Rh3 Kg5 1/2-1/2

[Event "6th EICC"]
[Site "Warsaw POL"]
[Date "2005.06.21"]
[Round "4"]
[White "Efimenko,Z"]
[Black "Baramidze,D"]
[Result "1-0"]
[WhiteElo "2620"]
[BlackElo "2542"]
[EventDate "2005.06.18"]

1. e4 c5 2. Nf3 d6 3. d4 cxd4 4. Nxd4 Nf6 5. Nc3 a6 6. Be2 e5 7. Nb3 Be7 8.
O-O Be6 9. Bf3 Qc7 10. a4 b6 11. Re1 h6 12. Be3 Nbd7 13. Nd2 O-O 14. Nf1
Rfd8 15. Ng3 Nc5 16. Qe2 Bf8 17. Red1 Rac8 18. h3 Qb7 19. Rd2 Qa8 20. Qd1
Qb7 21. Qf1 Qa8 22. Rad1 Qb7 23. Be2 b5 24. axb5 axb5 25. Bxb5 d5 26. exd5
Nxd5 27. Nxd5 Rxd5 28. Rxd5 Bxd5 29. b4 1-0

[Event "6th EICC"]
[Site "Warsaw POL"]
[Date "2005.06.21"]
[Round "4"]
[White "Macieja,B"]
[Black "Prusikin,M"]
[Result "1-0"]
[WhiteElo "2613"]
[BlackElo "2540"]
[EventDate "2005.06.18"]

1. e4 c5 2. Nf3 e6 3. d4 cxd4 4. Nxd4 Qb6 5. Nb3 Qc7 6. Bd3 a6 7. f4 d6 8.
Be3 Nf6 9. N1d2 b6 10. g4 h6 11. Qe2 Nc6 12. O-O-O Be7 13. Kb1 Bb7 14. Rc1
g6 15. h4 h5 16. gxh5 gxh5 17. f5 exf5 18. exf5 Ne5 19. Rhe1 Nfg4 20. Bg5
Rg8 21. Ne4 Bxg5 22. hxg5 Ra7 23. g6 Kf8 24. Ng5 Bd5 25. c4 Ba8 26. Nd4 Qe7
27. f6 Nxf6 28. Nf5 Qd8 29. Nh7+ Nxh7 30. gxh7 Rh8 31. Qxh5 Qf6 32. Nxd6
Qxd6 33. Qxe5 Qxe5 34. Rxe5 Bf3 35. Rg1 Rd7 36. Rg8+ 1-0

[Event "6th EICC"]
[Site "Warsaw POL"]
[Date "2005.06.21"]
[Round "4"]
[White "Inarkiev,E"]
[Black "Ftacnik,L"]
[Result "0-1"]
[WhiteElo "2612"]
[BlackElo "2540"]
[EventDate "2005.06.18"]

1. e4 c5 2. Nf3 d6 3. d4 cxd4 4. Nxd4 Nf6 5. Nc3 a6 6. Be3 e5 7. Nb3 Be6 8.
Qd2 Nbd7 9. O-O-O Rc8 10. Kb1 Be7 11. f3 h5 12. g3 b5 13. h4 Nb6 14. Bxb6
Qxb6 15. Bh3 a5 16. Nc1 b4 17. Na4 Qc6 18. b3 Bxh3 19. Rxh3 d5 20. exd5
Nxd5 21. Rh2 Rd8 22. Qe1 O-O 23. Rhd2 Bf6 24. Qe4 Nc3+ 25. Nxc3 Qxc3 26.
Rxd8 Rxd8 27. Rxd8+ Bxd8 28. Nd3 Bb6 29. Qxe5 Qxe5 30. Nxe5 Bf2 31. g4 g5
32. hxg5 h4 33. f4 h3 34. Nf3 Be3 35. g6 fxg6 36. f5 gxf5 37. gxf5 Kg7 38.
a3 Kf6 39. axb4 axb4 40. c3 Kxf5 41. Kc2 Ke4 42. Nh2 Bf4 0-1

[Event "6th EICC"]
[Site "Warsaw POL"]
[Date "2005.06.21"]
[Round "4"]
[White "Tregubov,P"]
[Black "Gritsak,O"]
[Result "1-0"]
[WhiteElo "2612"]
[BlackElo "2537"]
[EventDate "2005.06.18"]

1. d4 Nf6 2. c4 e6 3. Nf3 d5 4. Nc3 c6 5. e3 Nbd7 6. Qc2 Bd6 7. Bd3 dxc4 8.
Bxc4 O-O 9. O-O a6 10. Rd1 Qc7 11. e4 e5 12. h3 b5 13. Bd3 Bb7 14. a4 Rfe8
15. dxe5 Nxe5 16. Nxe5 Bxe5 17. Be3 Bh2+ 18. Kh1 Bf4 19. Bd4 Be5 20. Bc5
Nd7 21. Be3 Nf8 22. Ne2 Ng6 23. Qc1 Qe7 24. f4 Bc7 25. Nd4 c5 26. Nf5 Qf6
27. e5 Nxe5 28. fxe5 Qxe5 29. Bg1 c4 30. Qg5 Kh8 31. Re1 Qf6 32. Qxf6 gxf6
33. Bc2 Be5 34. axb5 axb5 35. Rxa8 Rxa8 36. Bd4 Bxd4 37. Nxd4 b4 38. Re7
Bd5 39. Rd7 Be6 40. Nxe6 fxe6 41. Rxh7+ Kg8 42. Rc7 b3 43. Be4 Ra1+ 44. Kh2
f5 45. Bf3 Rc1 46. Be2 Rc2 47. Bxc4 Kf8 48. h4 Ke8 49. h5 Kd8 50. Rc6 Kd7
51. Bxb3 Rxb2 52. Rb6 Kc7 53. Rb4 f4 54. Kh3 1-0

[Event "6th EICC"]
[Site "Warsaw POL"]
[Date "2005.06.21"]
[Round "4"]
[White "Shomoev,A"]
[Black "Pelletier,Y"]
[Result "1-0"]
[WhiteElo "2540"]
[BlackElo "2610"]
[EventDate "2005.06.18"]

1. e4 c5 2. Nf3 e6 3. d4 cxd4 4. Nxd4 Nc6 5. Nc3 Qc7 6. Be3 a6 7. Qd2 Nxd4
8. Bxd4 b5 9. O-O-O Ne7 10. h4 Nc6 11. Be3 Rb8 12. h5 b4 13. Na4 Qa5 14. b3
Be7 15. f4 d6 16. g4 e5 17. h6 exf4 18. hxg7 Rg8 19. Bxf4 Rxg7 20. Rh5 Ne5
21. Be2 Be6 22. Rdh1 Rc8 23. Rxh7 Rxh7 24. Rxh7 Ng6 25. Rh5 Qc7 26. Bxa6
Rb8 27. Bb5+ Kf8 28. Qh2 Kg8 29. Be2 Qa7 30. Kb1 Qd4 31. Bc1 Rc8 32. Bb2
Rc3 33. Rb5 Bf8 34. Rb8 Qa7 35. Rxf8+ Kxf8 36. Nxc3 bxc3 1-0

[Event "6th EICC"]
[Site "Warsaw POL"]
[Date "2005.06.21"]
[Round "4"]
[White "Hulak,K"]
[Black "Iordachescu,V"]
[Result "1/2-1/2"]
[WhiteElo "2534"]
[BlackElo "2609"]
[EventDate "2005.06.18"]

1. Nf3 Nf6 2. c4 e6 3. g3 d5 4. d4 Be7 5. Bg2 O-O 6. O-O dxc4 7. Qc2 a6 8.
a4 Bd7 9. Rd1 Bc6 10. Nc3 Bxf3 11. Bxf3 Nc6 12. Bxc6 bxc6 13. Bg5 Rb8 14.
e3 a5 15. Rac1 Nd7 16. Bxe7 Qxe7 17. Ne4 Rb4 18. Nd2 Nb6 19. b3 cxb3 20.
Nxb3 Rxa4 21. Qxc6 Ra3 22. Nd2 Nd5 23. Nc4 Ra2 24. Ra1 Nb4 25. Qe4 Rxa1
1/2-1/2

[Event "6th EICC"]
[Site "Warsaw POL"]
[Date "2005.06.21"]
[Round "4"]
[White "Fedorov,Alex"]
[Black "Cao Sang"]
[Result "1/2-1/2"]
[WhiteElo "2602"]
[BlackElo "2488"]
[EventDate "2005.06.18"]

1. e4 e6 2. d4 d5 3. Nc3 Bb4 4. e5 c5 5. a3 Bxc3+ 6. bxc3 Ne7 7. Nf3 Bd7 8.
h4 Ba4 9. h5 h6 10. dxc5 Qa5 11. Rh4 Nd7 12. Rb4 Bc6 13. Bd3 Qxc5 14. Be3
Qa5 15. Kf1 d4 16. cxd4 Nd5 17. Rb3 Nxe3+ 18. fxe3 O-O 19. Qe1 Qc7 20. Qg3
Nf6 21. Qh4 Nd5 22. e4 Ne7 23. Kg1 f5 24. exf6 Rxf6 25. Rf1 Raf8 26. Rbb1
Qa5 27. Qh3 Qxa3 28. e5 Rf5 29. Bxf5 Nxf5 30. Qg4 Qe3+ 31. Rf2 Be4 1/2-1/2

[Event "6th EICC"]
[Site "Warsaw POL"]
[Date "2005.06.21"]
[Round "4"]
[White "Minasian,Art"]
[Black "Kovacevic,B"]
[Result "1-0"]
[WhiteElo "2597"]
[BlackElo "2510"]
[EventDate "2005.06.18"]

1. e4 e6 2. d4 d5 3. e5 c5 4. c3 Nc6 5. Nf3 Bd7 6. a3 c4 7. Bf4 Na5 8. Nbd2
Bc6 9. Be2 Qd7 10. a4 Ne7 11. O-O Ng6 12. Bg3 f5 13. exf6 gxf6 14. Nh4
O-O-O 15. f4 f5 16. Bh5 Nxh4 17. Bxh4 Be7 18. Bxe7 Qxe7 19. Qe2 Be8 20.
Rae1 Rd6 21. Bxe8 Qxe8 22. Rf3 Qxa4 23. Re3 Re8 24. Qh5 Re7 25. Nf3 Rb6 26.
Nh4 Rd7 27. Qe8+ Kc7 28. Rxe6 Rxe6 29. Qxe6 Nc6 30. Nxf5 Qc2 31. Ne3 Qxb2
32. Nxd5+ Rxd5 33. Qxd5 Qxc3 34. Qf7+ Kb6 35. Rb1+ Nb4 36. Qe6+ Ka5 37.
Qe5+ b5 38. Qc7+ Ka6 39. Qc5 Ka5 40. Qxa7+ Na6 41. d5 Qa3 42. Qf2 Nc5 43.
Qe1+ Kb6 44. Ra1 1-0

[Event "6th EICC"]
[Site "Warsaw POL"]
[Date "2005.06.21"]
[Round "4"]
[White "Stevic,H"]
[Black "Areshchenko,A"]
[Result "1/2-1/2"]
[WhiteElo "2514"]
[BlackElo "2595"]
[EventDate "2005.06.18"]

1. e4 c5 2. c3 d5 3. exd5 Qxd5 4. d4 Nf6 5. Nf3 Bg4 6. Be2 e6 7. h3 Bh5 8.
O-O Nc6 9. Be3 cxd4 10. cxd4 Be7 11. Nc3 Qd6 12. Qb3 O-O 13. Rfd1 Nb4 14.
Bg5 Nbd5 15. Bxf6 Bxf6 16. Nxd5 exd5 17. Rd2 Rfe8 18. Qxb7 Reb8 19. Qa6
Qxa6 20. Bxa6 Bxf3 21. gxf3 Rb6 22. Bf1 a5 23. f4 1/2-1/2

[Event "6th EICC"]
[Site "Warsaw POL"]
[Date "2005.06.21"]
[Round "4"]
[White "Bartel,Mat"]
[Black "Roiz,M"]
[Result "1/2-1/2"]
[WhiteElo "2511"]
[BlackElo "2579"]
[EventDate "2005.06.18"]

1. e4 c5 2. Nf3 Nc6 3. Nc3 Nf6 4. Bb5 Qc7 5. O-O Nd4 6. Be2 a6 7. Re1 e5 8.
a4 d6 9. d3 Be7 10. Nxd4 cxd4 11. Nd5 1/2-1/2

[Event "6th EICC"]
[Site "Warsaw POL"]
[Date "2005.06.21"]
[Round "4"]
[White "Kotronias,V"]
[Black "Lopez Martinez,J"]
[Result "1-0"]
[WhiteElo "2578"]
[BlackElo "2488"]
[EventDate "2005.06.18"]

1. e4 e5 2. Nf3 Nc6 3. Bb5 a6 4. Ba4 Nf6 5. O-O Nxe4 6. d4 b5 7. Bb3 d5 8.
dxe5 Be6 9. Be3 Be7 10. c3 Na5 11. Nd4 O-O 12. Nd2 Nxd2 13. Qxd2 c5 14.
Nxe6 fxe6 15. Bc2 g6 16. Qe2 Kg7 17. Rae1 Qd7 18. Qg4 Nc6 19. Bc1 d4 20.
Be4 Rad8 21. Qg3 d3 22. Bd2 c4 23. h4 Kh8 24. Kh1 Rf7 25. f4 Rdf8 26. Rf3
Bd8 27. Qh3 Ne7 28. h5 Kg8 29. g4 Qe8 30. Ref1 Rg7 31. f5 gxf5 32. Bh6 fxe4
33. Rxf8+ Qxf8 34. Rxf8+ Kxf8 35. Qf1+ Ke8 36. Bxg7 e3 37. Bh6 Nd5 38. Qf8+
1-0

[Event "6th EICC"]
[Site "Warsaw POL"]
[Date "2005.06.21"]
[Round "4"]
[White "Huzman,A"]
[Black "Abergel,T"]
[Result "1-0"]
[WhiteElo "2577"]
[BlackElo "2456"]
[EventDate "2005.06.18"]

1. d4 Nf6 2. Nf3 e6 3. g3 c5 4. Bg2 cxd4 5. Nxd4 d6 6. c4 a6 7. b3 Be7 8.
Bb2 O-O 9. Nc3 Nbd7 10. O-O Re8 11. e3 Bf8 12. Qe2 Qc7 13. Rac1 Ne5 14. h3
Bd7 15. Rfd1 Rac8 16. f4 Nc6 17. Nf3 Qb8 18. g4 Red8 19. Ng5 Ne7 20. Nce4
Ne8 21. Qc2 Ng6 22. Nxf7 Kxf7 23. Ng5+ Kg8 24. Nxh7 Kxh7 25. Be4 Kg8 26.
Bxg6 Be7 27. g5 e5 28. Qf2 Qa7 29. fxe5 1-0

[Event "6th EICC"]
[Site "Warsaw POL"]
[Date "2005.06.21"]
[Round "4"]
[White "Bobras,P"]
[Black "Nielsen,PH"]
[Result "1/2-1/2"]
[WhiteElo "2501"]
[BlackElo "2653"]
[EventDate "2005.06.18"]

1. e4 e5 2. Nf3 Nc6 3. Bb5 Nf6 4. O-O Nxe4 5. d4 Nd6 6. Bxc6 dxc6 7. dxe5
Nf5 8. Qxd8+ Kxd8 9. Nc3 Ne7 10. b3 Bf5 11. Nd4 Bg6 12. Bg5 Kc8 13. Rad1 h6
14. Bh4 c5 15. Ndb5 a6 16. Nd6+ Kb8 17. Ne8 Nf5 18. Rd8+ Ka7 19. Nxc7 Rb8
20. N7b5+ axb5 21. Nxb5+ Ka8 22. Nc7+ Ka7 23. Nb5+ Ka8 1/2-1/2

[Event "6th EICC"]
[Site "Warsaw POL"]
[Date "2005.06.21"]
[Round "4"]
[White "Kempinski,R"]
[Black "Del Rio Angelis,S"]
[Result "1-0"]
[WhiteElo "2627"]
[BlackElo "2495"]
[EventDate "2005.06.18"]

1. c4 Nf6 2. Nc3 e5 3. Nf3 Nc6 4. d3 Be7 5. a3 d5 6. cxd5 Nxd5 7. e3 Be6 8.
Qc2 O-O 9. Be2 f5 10. O-O Qe8 11. Na4 Rd8 12. Nc5 Bc8 13. b4 Kh8 14. Bb2
Bf6 15. Rac1 e4 16. dxe4 fxe4 17. Nd2 Ncxb4 18. axb4 Nxb4 19. Qb1 Rxd2 20.
Bxf6 Rxf6 21. Nxe4 1-0

[Event "6th EICC"]
[Site "Warsaw POL"]
[Date "2005.06.21"]
[Round "4"]
[White "Grabarczyk,M"]
[Black "Filippov,Va"]
[Result "1/2-1/2"]
[WhiteElo "2487"]
[BlackElo "2621"]
[EventDate "2005.06.18"]

1. d4 d5 2. c4 e6 3. Nf3 Nf6 4. Nc3 dxc4 5. e3 a6 6. a4 c5 7. Bxc4 Nc6 8.
O-O Be7 9. dxc5 O-O 10. b3 Bxc5 11. Bb2 b6 12. Qb1 Bb7 13. Ne4 Be7 14. Rd1
Qc7 15. Nxf6+ Bxf6 16. Bxf6 gxf6 17. Qb2 Kg7 18. Be2 Rfd8 19. b4 Rxd1+ 20.
Rxd1 Rd8 21. Rd2 Rxd2 22. Qxd2 a5 23. bxa5 bxa5 24. h3 Nb4 25. Nd4 Qe5 26.
Qc1 Be4 27. Bf3 f5 28. Bxe4 fxe4 29. Nc6 Qf6 30. Nxa5 Nd3 31. Qd2 Qa1+ 32.
Kh2 Qxa4 33. f3 e5 34. fxe4 Qxe4 35. Nb3 Qc4 36. Qd1 f5 37. Nd2 Qd5 38. Qb3
Qd6 39. Nc4 Qd5 40. Nd2 Qd6 41. Nc4 Qd5 42. Nd2 Qxb3 43. Nxb3 Kf6 44. Nd2
h5 45. g3 e4 46. g4 1/2-1/2

[Event "6th EICC"]
[Site "Warsaw POL"]
[Date "2005.06.21"]
[Round "4"]
[White "Dautov,R"]
[Black "Guliev,S"]
[Result "1/2-1/2"]
[WhiteElo "2609"]
[BlackElo "2481"]
[EventDate "2005.06.18"]

1. d4 f5 2. g3 Nf6 3. Nf3 g6 4. c4 Bg7 5. b4 b6 6. Bb2 Bb7 7. Bg2 O-O 8.
O-O Ng4 9. Nc3 Nc6 10. a3 f4 11. h3 Nh6 12. g4 Nf7 13. e3 fxe3 14. fxe3 e6
15. Qd3 Qe7 16. Rf2 Ng5 17. Raf1 Rxf3 18. Rxf3 Nxf3+ 19. Bxf3 Rf8 20. Bg2
a5 21. Rxf8+ Qxf8 22. b5 Nd8 23. Ne4 Qe7 24. Qe2 d6 25. Qf2 e5 26. d5 Nf7
27. Bc3 Bc8 28. Be1 Ng5 29. Qh4 h6 30. Qf2 Qf7 31. Qe2 Nxe4 32. Bxe4 Bf6
33. Kg2 Bd7 34. Bc2 Kg7 35. Qd3 Be7 36. Qe4 h5 37. a4 hxg4 38. hxg4 Qf6 39.
Bg3 Qg5 40. Kf3 Bf6 41. Bf2 Qh6 42. Kg2 Bg5 43. Bd3 Be8 44. Qf3 Bh4 45. Qh3
Bxf2 46. Qxh6+ Kxh6 47. Kxf2 Kg5 48. Kg3 Bd7 49. Be2 Bc8 1/2-1/2

[Event "6th EICC"]
[Site "Warsaw POL"]
[Date "2005.06.21"]
[Round "4"]
[White "Petrosian,TL"]
[Black "Brkic,A"]
[Result "1/2-1/2"]
[WhiteElo "2599"]
[BlackElo "2477"]
[EventDate "2005.06.18"]

1. e4 c5 2. Nf3 d6 3. d4 cxd4 4. Nxd4 Nf6 5. Nc3 a6 6. f4 e6 7. Be2 Be7 8.
O-O Qc7 9. a4 O-O 10. Be3 Nc6 11. Kh1 Re8 12. a5 Nxa5 13. e5 dxe5 14. fxe5
Qxe5 15. Bf4 Qc5 16. Na4 Qa7 17. Be3 Rd8 18. Bd3 b6 19. b4 e5 20. bxa5 exd4
21. axb6 Qd7 22. Bg5 Qd5 23. Qd2 Bb7 24. Rf5 Qc6 25. Raf1 Rd5 26. Bxf6 Rxf5
27. Rxf5 Bxf6 28. Nc5 Re8 29. Nxb7 Qxb7 30. Qa5 Re6 31. Qxa6 Qxa6 32. Bxa6
Rxb6 33. Rb5 Rxb5 34. Bxb5 1/2-1/2

[Event "6th EICC"]
[Site "Warsaw POL"]
[Date "2005.06.21"]
[Round "4"]
[White "Markus,R"]
[Black "Pavlovic,Mi"]
[Result "1/2-1/2"]
[WhiteElo "2584"]
[BlackElo "2475"]
[EventDate "2005.06.18"]

1. d4 Nf6 2. c4 e6 3. Nf3 Bb4+ 4. Bd2 Bxd2+ 5. Qxd2 b6 6. g3 Ba6 7. Qc2 Bb7
8. Bg2 c5 9. dxc5 bxc5 10. O-O O-O 11. Nc3 d6 12. Rad1 Qe7 13. Rd2 Rd8 14.
Rfd1 Nc6 15. b3 h6 16. Ne4 Nxe4 17. Qxe4 a5 18. Qf4 e5 19. Qh4 Qc7 20. Qg4
a4 21. Nh4 Bc8 22. Nf5 Bxf5 23. Qxf5 axb3 24. Bxc6 Qxc6 25. axb3 1/2-1/2

[Event "6th EICC"]
[Site "Warsaw POL"]
[Date "2005.06.21"]
[Round "4"]
[White "Tzermiadianos,And"]
[Black "Socko,B"]
[Result "1-0"]
[WhiteElo "2453"]
[BlackElo "2583"]
[EventDate "2005.06.18"]

1. e4 e6 2. d4 d5 3. Nd2 Be7 4. Bd3 c5 5. dxc5 Nf6 6. Qe2 a5 7. Ngf3 O-O 8.
e5 Nfd7 9. h4 h6 10. Nb3 Nc6 11. Rh3 f5 12. Bf4 a4 13. Nbd4 Nxc5 14. Qe3 a3
15. b3 Qa5+ 16. Kf1 Nxd3 17. cxd3 Nxd4 18. Nxd4 Bc5 19. Rc1 Qb6 20. Rxc5
Qxc5 21. Rg3 Rf7 22. Bxh6 f4 23. Bxf4 Bd7 24. Kg1 Qc3 25. Kh2 Qb2 26. Bh6
Raf8 27. f3 Rc8 28. Rg4 Be8 29. Nxe6 Bd7 30. Bxg7 Bxe6 31. Qh6 1-0

[Event "6th EICC"]
[Site "Warsaw POL"]
[Date "2005.06.21"]
[Round "4"]
[White "Andersson,U"]
[Black "Firman,N"]
[Result "1/2-1/2"]
[WhiteElo "2579"]
[BlackElo "2471"]
[EventDate "2005.06.18"]

1. Nf3 c5 2. c4 Nc6 3. d4 cxd4 4. Nxd4 e6 5. Nc3 Nf6 6. a3 a6 7. Bg5 Qa5 8.
Bxf6 gxf6 9. e3 f5 10. Be2 Bg7 11. O-O O-O 12. Qd2 Qc7 13. Rac1 Ne5 14. Na4
d6 15. c5 Bd7 16. Nb6 Rad8 17. Nxd7 Rxd7 18. cxd6 Qxd6 19. Qc2 Rfd8 20.
Rfd1 Qb6 21. b4 a5 22. bxa5 Qxa5 23. a4 f4 24. Bb5 Rd5 25. exf4 Rxd4 26.
Rxd4 Nf3+ 27. gxf3 Bxd4 28. f5 Qb6 29. fxe6 Qxe6 30. Qe4 Qf6 31. Qg4+ Kh8
32. Rc8 Rxc8 33. Qxc8+ Kg7 1/2-1/2

[Event "6th EICC"]
[Site "Warsaw POL"]
[Date "2005.06.21"]
[Round "4"]
[White "Kornev,Alexei"]
[Black "Williams,Si"]
[Result "1-0"]
[WhiteElo "2565"]
[BlackElo "2466"]
[EventDate "2005.06.18"]

1. e4 e6 2. d4 d5 3. Nd2 Nf6 4. e5 Nfd7 5. Bd3 c5 6. c3 Nc6 7. Ne2 cxd4 8.
cxd4 f6 9. Nf4 Nxd4 10. Qh5+ Ke7 11. exf6+ Nxf6 12. Ng6+ hxg6 13. Qxh8 e5
14. Nf3 Nxf3+ 15. gxf3 Bf5 16. Bxf5 gxf5 17. Bg5 Qe8 18. O-O-O f4 19. Bxf6+
Kxf6 20. Rhg1 d4 21. Qh4+ Ke6 22. Kb1 Kd5 23. Qh7 Kc5 24. Rc1+ Kb5 25. Rg5
Ka6 26. Qd3+ b5 27. Rg6+ Ka5 28. a3 1-0